Heat treatment of metals / (Record no. 17830)
[ view plain ]
| 000 -LEADER | |
|---|---|
| fixed length control field | 00768nam a22002651a 4500 |
| 001 - CONTROL NUMBER | |
| control field | 17830 |
| 003 - CONTROL NUMBER IDENTIFIER | |
| rucl marc code | BD-RjUL |
| 005 - DATE AND TIME OF LATEST TRANSACTION | |
| control field | 20220721120914.0 |
| 008 - FIXED-LENGTH DATA ELEMENTS--GENERAL INFORMATION | |
| fixed length control field | 140219s2008 ii a 001 0 eng d |
| 020 ## - INTERNATIONAL STANDARD BOOK NUMBER | |
| International Standard Book Number | 9788123916453 |
| 035 ## - SYSTEM CONTROL NUMBER | |
| System control number | (BD-RjUL)17888 |
| 040 ## - CATALOGING SOURCE | |
| Original cataloging agency | DLC |
| Transcribing agency | NbU |
| Modifying agency | DLC |
| -- | BD-RjUL |
| Language of cataloging | eng |
| 041 ## - LANGUAGE CODE | |
| Language code of text/sound track or separate title | eng |
| 082 00 - DEWEY DECIMAL CLASSIFICATION NUMBER | |
| Edition number | 23 |
| Classification number | 671.36 |
| Author mark and year | SMH 2008 |
| 100 1# - MAIN ENTRY--PERSONAL NAME | |
| Personal name | Smith, J.L |
| 9 (RLIN) | 55027 |
| 245 10 - TITLE STATEMENT | |
| Title | Heat treatment of metals / |
| Statement of responsibility, etc. | J.L Smith, G.M. Russel and S.C. Bhatia |
| 260 ## - PUBLICATION, DISTRIBUTION, ETC. (IMPRINT) | |
| Place of publication, distribution, etc. | New delhi : |
| Name of publisher, distributor, etc. | CBS Publishing & Distributors |
| Date of publication, distribution, etc. | c2008 |
| 300 ## - PHYSICAL DESCRIPTION | |
| Pagination | v. : |
| Illustrations | ill. ; |
| Size | 23 cm. |
| 504 ## - BIBLIOGRAPHY, ETC. NOTE | |
| Bibliography, etc | Includes Index |
| 505 ## - FORMATTED CONTENTS NOTE | |
| Formatted contents note | V. 1 -- V. 2 -- |
| 650 #0 - SUBJECT ADDED ENTRY--TOPICAL TERM | |
| Topical term or geographic name as entry element | Metals |
| General subdivision | Heat treatment. |
| 9 (RLIN) | 55028 |
| 700 1# - ADDED ENTRY--PERSONAL NAME | |
| Personal name | Russel , G.M. |
| Personal name | Bhatia, S.C. |
| 942 ## - ADDED ENTRY ELEMENTS (KOHA) | |
| Source of classification or shelving scheme | Dewey Decimal Classification |
| Koha item type | Books |
| Lost status | Source of classification or shelving scheme | Damaged status | Not for loan | Collection code | Permanent Location | Current Location | Shelving location | Date acquired | Source of acquisition | Cost, normal purchase price | Full call number | Date last seen | Copy number | Koha item type | Total Checkouts |
|---|---|---|---|---|---|---|---|---|---|---|---|---|---|---|---|
| Dewey Decimal Classification | Non-fiction | Central Library, University of Rajshahi | Central Library, University of Rajshahi | General Stacks | 29/09/2010 | Dhaka, Paragon Enterprises Ltd. | 5999.00 | 671.36 SMH V-2 2008 | 19/02/2014 | C-2 | Books | ||||
| Dewey Decimal Classification | Not For Loan | Non-fiction | Central Library, University of Rajshahi | Central Library, University of Rajshahi | Reading Room | 29/09/2010 | Paragon Enterprise ltd., Dhaka | 5999.00 | 671.36 SMH V-2 2008 | 09/04/2017 | C-1 | Books | |||
| Dewey Decimal Classification | Not For Loan | Non-fiction | Central Library, University of Rajshahi | Central Library, University of Rajshahi | Reading Room | 29/09/2010 | Paragon Enterprise ltd., Dhaka | 5999.00 | 671.36 SMH 2008 V-1 | 09/04/2017 | C-1 | Books | |||
| Dewey Decimal Classification | Non-fiction | Central Library, University of Rajshahi | Central Library, University of Rajshahi | 29/09/2010 | Paragon Interprise , Dhaka. | 5999.00 | 671.36 SMH 2008 V-1 | 26/11/2019 | C-2 | Books |